[Event "March op"]
[Site "Grande Prairie, AB"]
[Date "2014.03.15"]
[Round "2"]
[White "Caughlin, Wade"]
[Black "McGinnis, Paul"]
[Result "1-0"]
[WhiteElo "1869"]
[BlackElo "1666"]
[PlyCount "49"]
[EventDate "2014.03.15"]
[EventType "swiss"]
[EventRounds "3"]
[EventCountry "CAN"]

1. e4 c5 2. Nf3 Nc6 3. Bb5 d6 4. O-O Bd7 5. c3 Nf6 6. Re1 e6 7. d4 cxd4 8. cxd4
Qb6 9. Nc3 Be7 10. d5 Ne5 11. Bxd7+ Nfxd7 12. dxe6 fxe6 13. Nd4 Nc5 14. Qh5+
Kd7 15. Qh3 Qb4 16. Nc2 Qc4 17. Ne3 Qa6 18. Ned5 g5 19. Nxe7 Kxe7 20. Bxg5+ Kd7
21. Nd5 h6 22. Bf6 Rhf8 23. Bxe5 dxe5 24. Red1 Kc8 25. Rac1 1-0

[Event "March op"]
[Site "Grande Prairie, AB"]
[Date "2014.03.15"]
[Round "2"]
[White "Kaut, Chris"]
[Black "Stainer, Joel"]
[Result "0-1"]
[WhiteElo "1436"]
[BlackElo "1638"]
[PlyCount "56"]
[EventDate "2014.03.15"]
[EventType "swiss"]
[EventRounds "3"]
[EventCountry "CAN"]

1. d4 d5 2. c4 c6 3. Nc3 Nf6 4. e3 e6 5. Nf3 Nbd7 6. b3 Bb4 7. Bb2 Qa5 8. Qc2
Ne4 9. Be2 Bxc3+ 10. Bxc3 Qxc3+ 11. Qxc3 Nxc3 12. Bd3 dxc4 13. Bxc4 Ne4 14. O-O
O-O 15. Rac1 Re8 16. Bd3 Nd6 17. Rfe1 e5 18. dxe5 Nxe5 19. Nxe5 Rxe5 20. f3 Bf5
21. e4 Rae8 22. Kf2 Bg6 23. Bb1 f5 24. Rcd1 R8e6 25. f4 Nxe4+ 26. Kf1 Nd2+ 27.
Rxd2 Rxe1+ 28. Kf2 Rxb1 0-1

[Event "March op"]
[Site "Grande Prairie, AB"]
[Date "2014.03.15"]
[Round "2"]
[White "White, Chris"]
[Black "Pradzinski, Tim"]
[Result "0-1"]
[WhiteElo "1701"]
[BlackElo "1944"]
[PlyCount "80"]
[EventDate "2014.03.15"]
[EventType "swiss"]
[EventRounds "3"]
[EventCountry "CAN"]

1. d4 d5 2. Nf3 Nf6 3. e3 g6 4. c4 e6 5. Nc3 Bg7 6. Bd3 O-O 7. O-O Re8 8. e4
dxe4 9. Nxe4 Nbd7 10. Bg5 b6 11. Nxf6+ Bxf6 12. Be4 Rb8 13. Qd2 Bxg5 14. Qxg5
Qxg5 15. Nxg5 h6 16. Nf3 Nf6 17. Bc6 Rd8 18. Rfd1 Rd6 19. Ne5 Nd7 20. Bxd7 Bxd7
21. c5 Rd5 22. Rac1 Be8 23. cxb6 cxb6 24. Rc7 Rbd8 25. Nf3 a5 26. Kf1 e5 27.
Ke2 exd4 28. Rdc1 Bd7 29. Kd3 Bf5+ 30. Kd2 Rb5 31. b3 a4 32. R7c4 axb3 33. axb3
Rxb3 34. Ne5 Rb2+ 35. Ke1 Re8 36. f4 d3 37. Kf1 f6 38. g4 d2 39. gxf5 dxc1=Q+
40. Rxc1 fxe5 0-1

[Event "March op"]
[Site "Grande Prairie, AB"]
[Date "2014.03.15"]
[Round "3"]
[White "McGinnis, Paul"]
[Black "Kaut, Chris"]
[Result "1-0"]
[WhiteElo "1666"]
[BlackElo "1436"]
[PlyCount "101"]
[EventDate "2014.03.15"]
[EventType "swiss"]
[EventRounds "3"]
[EventCountry "CAN"]

1. e4 e5 2. Nf3 d6 3. Nc3 Nc6 4. Bb5 a6 5. Ba4 b5 6. Bb3 Bb7 7. O-O Qf6 8. Nd5
Qd8 9. Re1 Nf6 10. d3 Be7 11. Bd2 Qd7 12. a4 h5 13. axb5 axb5 14. Rxa8+ Bxa8
15. Qa1 Qc8 16. Qa2 Nd8 17. Nxe7 Kxe7 18. Bg5 Bc6 19. Qa3 Ne6 20. Nxe5 Nxg5 21.
Nxc6+ Kd7 22. Nd4 h4 23. h3 c6 24. e5 dxe5 25. Rxe5 Ne6 26. Nxe6 Nd5 27. Nc5+
Kd6 28. d4 Re8 29. Ne4+ Kc7 30. Qa7+ Qb7 31. Qxb7+ Kxb7 32. Rxe8 f5 33. Nd6+
Kb6 34. Bxd5 cxd5 35. Nxf5 g6 36. Re6+ Kc7 37. Rxg6 Kd7 38. Ne3 Ke7 39. Nxd5+
Kf7 40. Rb6 Ke8 41. Rxb5 Kd7 42. Rc5 Kd6 43. Ne3 Ke6 44. b4 Kd6 45. b5 Kd7 46.
b6 Kd6 47. b7 Kd7 48. Nf5 Ke6 49. b8=Q Kf6 50. Ne3 Ke7 51. Qb6 1-0

[Event "March op"]
[Site "Grande Prairie, AB"]
[Date "2014.03.15"]
[Round "3"]
[White "Pradzinski, Tim"]
[Black "Caughlin, Wade"]
[Result "0-1"]
[WhiteElo "1944"]
[BlackElo "1869"]
[PlyCount "72"]
[EventDate "2014.03.15"]
[EventType "swiss"]
[EventRounds "3"]
[EventCountry "CAN"]

1. e4 c5 2. Nf3 e6 3. d4 cxd4 4. Nxd4 Nc6 5. Nc3 a6 6. Be3 Nf6 7. Be2 Qc7 8.
Qd2 Bb4 9. f3 O-O 10. O-O d5 11. Bg5 Nxd4 12. Bxf6 Nxe2+ 13. Qxe2 gxf6 14. exd5
Bxc3 15. bxc3 exd5 16. Qd3 Be6 17. f4 Qc5+ 18. Kh1 f5 19. Rf3 Kh8 20. Qe2 Qc7
21. Rb1 Rg8 22. Qe3 Rae8 23. Qd4+ f6 24. g3 Rgf8 25. Rb4 Bd7 26. Rf1 Bc6 27.
Rfb1 Re4 28. Qc5 Qe7 29. Qxe7 Rxe7 30. Kg1 Rfe8 31. Rf1 Re2 32. Rc1 Rd2 33. Rd4
Ree2 34. Rxd2 Rxd2 35. h4 Kg7 36. Re1 Kf7 0-1

[Event "March op"]
[Site "Grande Prairie, AB"]
[Date "2014.03.15"]
[Round "3"]
[White "Stainer, Joel"]
[Black "White, Chris"]
[Result "1-0"]
[WhiteElo "1638"]
[BlackElo "1701"]
[PlyCount "105"]
[EventDate "2014.03.15"]
[EventType "swiss"]
[EventRounds "3"]
[EventCountry "CAN"]

1. d4 d5 2. Nf3 Nf6 3. e3 Bf5 4. c4 e6 5. Qb3 Nbd7 6. Qxb7 Bd6 7. Nc3 dxc4 8.
Bxc4 O-O 9. O-O Qe7 10. Qb3 Rab8 11. Qd1 Nb6 12. Bd3 Bxd3 13. Qxd3 c5 14. dxc5
Bxc5 15. b3 Rfd8 16. Qe2 Ba3 17. Rd1 Qb4 18. Bxa3 Qxa3 19. Rxd8+ Rxd8 20. Rd1
Rc8 21. Qd3 h6 22. Nd4 Qb2 23. Nde2 Nfd7 24. Rb1 Qa3 25. h3 Qa5 26. b4 Qg5 27.
Ne4 Ne5 28. Qa6 Qe7 29. a4 Rc2 30. Nd4 Ra2 31. a5 f5 32. Nc5 Nbc4 33. Qc8+ Kh7
34. Ncxe6 Ng6 35. Nxf5 Qf6 36. Qxc4 Rxf2 37. Ned4 Ne5 38. Qc1 Rxf5 39. Nxf5
Qxf5 40. Qf1 Qe4 41. b5 Qxe3+ 42. Kh1 Nd3 43. Qf5+ Kg8 44. Rf1 Ne5 45. Qf4 Qc5
46. Re1 Ng6 47. Qe4 Nf8 48. Qe5 Qc4 49. b6 axb6 50. axb6 Ng6 51. Qe8+ Kh7 52.
b7 Nf4 53. Qe4+ 1-0

[Event "Maritime op"]
[Site "Fredericton CAN"]
[Date "2014.10.13"]
[Round "4"]
[White "Hamilton, Robert"]
[Black "Dorrance, Adam"]
[Result "1/2-1/2"]
[WhiteElo "2275"]
[BlackElo "2239"]
[PlyCount "58"]
[EventDate "2014.10.12"]
[EventType "swiss"]
[EventRounds "6"]
[EventCountry "CAN"]

1. d4 Nf6 2. c4 e5 3. dxe5 Ng4 4. Bf4 Nc6 5. Nf3 Bb4+ 6. Nc3 Bxc3+ 7. bxc3 Qe7
8. Qd5 f6 9. exf6 Nxf6 10. Qd3 d6 11. g3 O-O 12. Bg2 Bg4 13. O-O Rae8 14. a4
Kh8 15. a5 Ne4 16. Nd4 Nc5 17. Nxc6 bxc6 18. Qc2 Qxe2 19. Qxe2 Bxe2 20. Bxc6
Bxf1 21. Bxe8 Bxc4 22. Bc6 a6 23. Be3 Nb3 24. Ra4 d5 25. Bf4 h6 26. Be5 Nd2 27.
Kg2 Bf1+ 28. Kg1 Bc4 29. Kg2 Bf1+ 1/2-1/2

[Event "Maritime op"]
[Site "Fredericton CAN"]
[Date "2014.10.13"]
[Round "4"]
[White "Song, Sam"]
[Black "Doherty, Michael"]
[Result "1-0"]
[WhiteElo "2151"]
[BlackElo "1884"]
[PlyCount "55"]
[EventDate "2014.10.12"]
[EventType "swiss"]
[EventRounds "6"]
[EventCountry "CAN"]

1. e4 c5 2. Nf3 d6 3. d4 cxd4 4. Nxd4 Nf6 5. Nc3 a6 6. f3 e5 7. Nb3 Be7 8. Be3
Be6 9. Qd2 O-O 10. O-O-O Qc7 11. g4 Nc6 12. h4 Rfd8 13. Nd5 Bxd5 14. exd5 Nb8
15. h5 Nbd7 16. g5 Ne8 17. Qf2 a5 18. a4 Nc5 19. Nxc5 dxc5 20. Bd3 Rac8 21. g6
Nd6 22. gxh7+ Kh8 23. Qg2 c4 24. h6 Bf6 25. hxg7+ Bxg7 26. Rdg1 f5 27. Bh6
Bxh6+ 28. Rxh6 1-0

[Event "Maritime op"]
[Site "Fredericton CAN"]
[Date "2014.10.13"]
[Round "5"]
[White "Cui, Cynthia"]
[Black "McKim, Fred"]
[Result "0-1"]
[WhiteElo "1285"]
[BlackElo "1873"]
[PlyCount "98"]
[EventDate "2014.10.12"]
[EventType "swiss"]
[EventRounds "6"]
[EventCountry "CAN"]

1. d4 Nf6 2. Nf3 c5 3. e3 e6 4. Bd3 d5 5. b3 Nbd7 6. Nbd2 b6 7. Bb2 Bb7 8. O-O
Be7 9. Qe2 O-O 10. Rfe1 Rc8 11. Ba6 Qc7 12. Bxb7 Qxb7 13. h3 cxd4 14. Nxd4 e5
15. Nf5 Bb4 16. Rec1 g6 17. c3 Bc5 18. Nh6+ Kg7 19. Ng4 Rfe8 20. Nxf6 Nxf6 21.
c4 Kg8 22. cxd5 Nxd5 23. Qf3 Qd7 24. Rd1 f5 25. Nc4 e4 26. Qf4 Qe6 27. Qe5 Qxe5
28. Bxe5 Rcd8 29. Bb2 Nb4 30. Rxd8 Rxd8 31. a3 Nd3 32. Rd1 Rd7 33. b4 Be7 34.
Bd4 Kf7 35. Kf1 b5 36. Nd2 Bf6 37. Bxf6 Kxf6 38. Nb3 Rc7 39. Nd4 a6 40. Nb3 Rc3
41. Nc5 Rxa3 42. Nxd3 exd3 43. Ke1 Rb3 44. g3 Ke5 45. Ra1 Rxb4 46. Rxa6 Kd5 47.
Ra3 Kc4 48. Ra2 Rb1+ 49. Kd2 Rf1 0-1

[Event "Maritime op"]
[Site "Fredericton CAN"]
[Date "2014.10.13"]
[Round "5"]
[White "Hensel, George"]
[Black "Cashin, Ken"]
[Result "1-0"]
[WhiteElo "1612"]
[BlackElo "1740"]
[PlyCount "89"]
[EventDate "2014.10.12"]
[EventType "swiss"]
[EventRounds "6"]
[EventCountry "CAN"]

1. e4 e6 2. d4 d5 3. Nd2 dxe4 4. Nxe4 Bd7 5. Bd3 Bc6 6. Nf3 Nd7 7. O-O Ngf6 8.
Re1 Be7 9. h3 O-O 10. Bf4 Bxe4 11. Bxe4 Nxe4 12. Rxe4 Nf6 13. Re2 c6 14. c3 Qb6
15. Qc2 Rad8 16. Rae1 c5 17. Be5 cxd4 18. Bxd4 Bc5 19. Bxf6 gxf6 20. Re4 f5 21.
Rh4 Be7 22. Rh5 Bf6 23. g4 Qc6 24. Re3 Kh8 25. Kf1 Qc4+ 26. Kg2 Rg8 27. Kh2
Qf4+ 28. Kh1 Rd7 29. gxf5 exf5 30. Rxf5 Qh6 31. Ne5 Bxe5 32. Rfxe5 Qc6+ 33. Qe4
Rd1+ 34. Kh2 Qd6 35. f4 Qd2+ 36. Re2 Qc1 37. Rf5 Rdd8 38. Qe5+ Rg7 39. Rg2 Rdg8
40. Rxg7 Rxg7 41. Qe8+ Rg8 42. Qe5+ Rg7 43. Rg5 Qd2+ 44. Kg3 Qd3+ 45. Kh4 1-0

[Event "Maritime op"]
[Site "Fredericton CAN"]
[Date "2014.10.13"]
[Round "5"]
[White "Oussedik, Elias"]
[Black "Dorrance, Adam"]
[Result "0-1"]
[WhiteElo "2278"]
[BlackElo "2239"]
[PlyCount "116"]
[EventDate "2014.10.12"]
[EventType "swiss"]
[EventRounds "6"]
[EventCountry "CAN"]

1. d4 d5 2. c4 c6 3. Nc3 Nf6 4. e3 Bf5 5. cxd5 cxd5 6. Qb3 Bc8 7. Nf3 Nc6 8.
Ne5 e6 9. Bb5 Bd7 10. Nxd7 Nxd7 11. Bd2 Bd6 12. O-O O-O 13. Rac1 Rc8 14. h3 a6
15. Bd3 g6 16. Qd1 Na5 17. e4 Nc4 18. exd5 Nxb2 19. Qc2 Nxd3 20. Qxd3 exd5 21.
Nxd5 Rxc1 22. Rxc1 Nb6 23. Ba5 Qg5 24. Qe3 Qxd5 25. Bxb6 Qxa2 26. Qe4 Qe6 27.
Qf3 Bh2+ 28. Kxh2 Qxb6 29. Qe4 Rd8 30. Kg1 Qxd4 31. Qxb7 Qf6 32. Qa7 Kg7 33. h4
h5 34. Rb1 Rd2 35. Qe3 Ra2 36. g3 Ra1 37. Qc1 Rxb1 38. Qxb1 Qc3 39. Qa2 a5 40.
Qa4 Qb4 41. Qa1+ Kg8 42. Qe5 a4 43. Qe8+ Kg7 44. Qe5+ Kh7 45. Qf6 Qb3 46. Kh2
a3 47. g4 Qe6 48. Qa1 Qd6+ 49. Kg1 hxg4 50. Qa2 Qd1+ 51. Kg2 Qf3+ 52. Kh2 Kg8
53. h5 g3+ 54. fxg3 Qxh5+ 55. Kg2 Qa5 56. Qa1 a2 57. Kh2 g5 58. Kg2 g4 0-1

[Event "Mauricie op"]
[Site "Trois-Rivieres CAN"]
[Date "2014.03.14"]
[Round "1"]
[White "Bolduc, Steve"]
[Black "Wilkin, Alain"]
[Result "1-0"]
[WhiteElo "2148"]
[BlackElo "1972"]
[PlyCount "99"]
[EventDate "2014.03.14"]
[EventType "swiss"]
[EventRounds "5"]
[EventCountry "CAN"]

1. d4 Nf6 2. c4 e6 3. Nc3 d5 4. Nf3 Be7 5. Bf4 c6 6. e3 Nbd7 7. Qc2 Nh5 8. Be5
Nxe5 9. Nxe5 Nf6 10. Bd3 dxc4 11. Bxc4 Nd5 12. O-O O-O 13. Rad1 Bd6 14. e4 Nxc3
15. Qxc3 Qc7 16. Nf3 b6 17. Bd3 h6 18. h4 Bb7 19. e5 Be7 20. Bb1 f5 21. exf6
Bxf6 22. Qd3 c5 23. Qh7+ Kf7 24. Ne5+ Ke8 25. Rfe1 Bd5 26. Be4 Bxe4 27. Rxe4
Rd8 28. Ng6 Qc6 29. Nxf8 Kxf8 30. Rde1 Rd6 31. dxc5 bxc5 32. Qg6 Qd5 33. Qg4
Kf7 34. b3 Qf5 35. Qxf5 exf5 36. Ra4 a6 37. Rc1 Bd4 38. Kf1 Rb6 39. g3 Ke6 40.
Ke2 Kd5 41. Kf3 g5 42. Re1 Kd6 43. Re8 Kc7 44. Rf8 Bf6 45. h5 Rd6 46. Rc4 Rc6
47. Rg8 g4+ 48. Kf4 Bg5+ 49. Rxg5 hxg5+ 50. Kxg5 1-0

[Event "Mauricie op"]
[Site "Trois-Rivieres CAN"]
[Date "2014.03.14"]
[Round "1"]
[White "Boucher, Antoni"]
[Black "Robichaud, Louis"]
[Result "1-0"]
[WhiteElo "1903"]
[BlackElo "2110"]
[PlyCount "59"]
[EventDate "2014.03.14"]
[EventType "swiss"]
[EventRounds "5"]
[EventCountry "CAN"]

1. d4 Nf6 2. Bg5 g6 3. Bxf6 exf6 4. c4 d5 5. e3 Bg7 6. Nc3 dxc4 7. Bxc4 O-O 8.
Nf3 Nd7 9. O-O Nb6 10. Bd3 Qe7 11. a3 f5 12. b4 Be6 13. Qc2 c6 14. Na4 Nxa4 15.
Qxa4 Bd5 16. Qd1 Rfe8 17. Re1 b5 18. Nd2 a5 19. bxa5 Rxa5 20. a4 Rea8 21. Bc2
bxa4 22. Rxa4 Rxa4 23. Bxa4 Qb4 24. Bb3 f4 25. Bxd5 cxd5 26. exf4 Bxd4 27. Nf3
Ra1 28. Qe2 Rxe1+ 29. Qxe1 Bf6 30. Qxb4 1-0

[Event "Mauricie op"]
[Site "Trois-Rivieres CAN"]
[Date "2014.03.14"]
[Round "1"]
[White "Chabot, Roland"]
[Black "Lebeau, Gilbert"]
[Result "1-0"]
[WhiteElo "2195"]
[BlackElo "2020"]
[PlyCount "71"]
[EventDate "2014.03.14"]
[EventType "swiss"]
[EventRounds "5"]
[EventCountry "CAN"]

1. d4 d5 2. c4 c6 3. Nc3 Nf6 4. e3 e6 5. Nf3 Be7 6. Bd3 dxc4 7. Bxc4 b5 8. Bd3
Bb7 9. O-O O-O 10. e4 Nbd7 11. e5 Nd5 12. Nxd5 exd5 13. Qc2 g6 14. Bh6 Re8 15.
e6 Nf8 16. exf7+ Kxf7 17. Ne5+ Kg8 18. Bxf8 Bxf8 19. Bxg6 Re7 20. Bf5 Qd6 21.
f4 Rg7 22. Rf3 c5 23. Rh3 h6 24. Bg6 Rc7 25. Rg3 Bg7 26. Qf5 Qf6 27. Qxf6 Bxf6
28. Be8+ Kf8 29. Bxb5 cxd4 30. Nd7+ Rxd7 31. Bxd7 d3 32. Rxd3 Ke7 33. Bg4 Rd8
34. Re1+ Kf7 35. Bf3 Rd7 36. Red1 1-0

[Event "Mauricie op"]
[Site "Trois-Rivieres CAN"]
[Date "2014.03.14"]
[Round "1"]
[White "Gelet, Seymour"]
[Black "Sambuev, Bator"]
[Result "0-1"]
[WhiteElo "2082"]
[BlackElo "2597"]
[PlyCount "54"]
[EventDate "2014.03.14"]
[EventType "swiss"]
[EventRounds "5"]
[EventCountry "CAN"]

1. d4 Nf6 2. c4 e6 3. Nc3 Bb4 4. e3 c5 5. Nf3 O-O 6. Bd2 b6 7. Bd3 cxd4 8. exd4
Ba6 9. Bg5 h6 10. Bxf6 Qxf6 11. O-O Bxc3 12. bxc3 Nc6 13. Re1 Rfe8 14. Qa4 Bb7
15. Rab1 Ne7 16. Nd2 Qf4 17. Qc2 Qc7 18. Ne4 d5 19. cxd5 Nxd5 20. Rec1 Nf4 21.
Bf1 e5 22. dxe5 Qxe5 23. Re1 Rac8 24. Re3 Nd5 25. Rg3 f5 26. Nd2 Nxc3 27. Nc4
Nxb1 0-1

[Event "Mauricie op"]
[Site "Trois-Rivieres CAN"]
[Date "2014.03.14"]
[Round "1"]
[White "Larochelle, Martial"]
[Black "Forget, Luc"]
[Result "1-0"]
[WhiteElo "2178"]
[BlackElo "2009"]
[PlyCount "101"]
[EventDate "2014.03.14"]
[EventType "swiss"]
[EventRounds "5"]
[EventCountry "CAN"]

1. d4 Nf6 2. c4 e6 3. Nc3 Bb4 4. e3 O-O 5. Nge2 Re8 6. a3 Bf8 7. Ng3 d5 8. cxd5
exd5 9. Be2 g6 10. O-O Nc6 11. Qc2 Bg7 12. Bd2 Ne7 13. Bd3 Bd7 14. Nb5 Bxb5 15.
Bxb5 c6 16. Bd3 Nc8 17. Rae1 Nd6 18. f3 Qd7 19. Kh1 a5 20. Bc3 Nb5 21. Bd2 Nd6
22. a4 Qd8 23. Ne2 Nd7 24. e4 dxe4 25. fxe4 f6 26. Bf4 Nf8 27. Nc3 Kh8 28. Qf2
Ne6 29. Be3 Nc7 30. d5 cxd5 31. exd5 Qd7 32. Bd4 Rxe1 33. Rxe1 Re8 34. Rf1 f5
35. Bxg7+ Kxg7 36. Qb6 Re5 37. Qxa5 Nce8 38. Qc5 Nf6 39. Qd4 Nf7 40. Bc4 Qd6
41. Rd1 Kg8 42. h3 Ne4 43. Nb5 Qc5 44. d6 Nf2+ 45. Kg1 Nxd1 46. d7 Qxd4+ 47.
Nxd4 Re1+ 48. Kh2 Kg7 49. Bxf7 Ne3 50. d8=Q Nf1+ 51. Kg1 1-0

[Event "Mauricie op"]
[Site "Trois-Rivieres CAN"]
[Date "2014.03.14"]
[Round "1"]
[White "Luo, Zhao Yang"]
[Black "Djerkovic, Miladin"]
[Result "0-1"]
[WhiteElo "2043"]
[BlackElo "2234"]
[PlyCount "48"]
[EventDate "2014.03.14"]
[EventType "swiss"]
[EventRounds "5"]
[EventCountry "CAN"]

1. d4 Nf6 2. Nf3 e6 3. e3 b6 4. Bd3 Bb7 5. O-O c5 6. b3 Be7 7. Bb2 O-O 8. Qe2
Nc6 9. a3 Qc7 10. c4 d5 11. cxd5 exd5 12. Nc3 Rfe8 13. Rac1 Na5 14. Nd2 Bc6 15.
Rfd1 Qd7 16. Qf3 Bd6 17. Bf5 Qe7 18. Qh3 cxd4 19. exd4 Bxa3 20. Bxa3 Qxa3 21.
Ncb1 Qb4 22. Qc3 Qxc3 23. Rxc3 Bb5 24. Rc7 Nc6 0-1

[Event "Mauricie op"]
[Site "Trois-Rivieres CAN"]
[Date "2014.03.14"]
[Round "1"]
[White "Trottier, Emile"]
[Black "Wan, Kevin"]
[Result "0-1"]
[WhiteElo "2010"]
[BlackElo "2016"]
[PlyCount "68"]
[EventDate "2014.03.14"]
[EventType "swiss"]
[EventRounds "5"]
[EventCountry "CAN"]

1. e4 e6 2. d4 d5 3. e5 c5 4. c3 Nc6 5. Nf3 Qb6 6. a3 Nh6 7. b4 cxd4 8. cxd4
Nf5 9. Be3 h5 10. Nc3 Be7 11. Rc1 a6 12. Na4 Qc7 13. Bd3 Nh4 14. Nxh4 Bxh4 15.
Be2 g6 16. O-O Bd7 17. Nc5 Qb6 18. Qd2 Bd8 19. Rfd1 Ne7 20. a4 Nc6 21. Rb1 Ne7
22. Bg5 Nf5 23. b5 Bxg5 24. Qxg5 Nxd4 25. Rxd4 Qxc5 26. Qf6 Rf8 27. Rdd1 axb5
28. axb5 Ra2 29. Ra1 Rxe2 30. Rdc1 Rc2 31. Rxc2 Qxc2 32. h4 Qc8 33. Rb1 Qc5 34.
Ra1 Bxb5 0-1

[Event "Mauricie op"]
[Site "Trois-Rivieres CAN"]
[Date "2014.03.14"]
[Round "1"]
[White "Turcotte, Jonathan"]
[Black "Libersan, Thierry"]
[Result "0-1"]
[WhiteElo "2007"]
[BlackElo "2167"]
[PlyCount "98"]
[EventDate "2014.03.14"]
[EventType "swiss"]
[EventRounds "5"]
[EventCountry "CAN"]

1. d4 Nf6 2. Nf3 g6 3. c4 Bg7 4. Nc3 O-O 5. e4 d6 6. Be2 e5 7. O-O Nc6 8. d5
Ne7 9. b4 Nd7 10. a4 h6 11. Ba3 f5 12. Nd2 Nf6 13. c5 Rf7 14. cxd6 cxd6 15. Rc1
Bf8 16. Re1 Kh7 17. Bf1 f4 18. b5 g5 19. Nc4 Ng6 20. a5 g4 21. a6 b6 22. Na2
Ne8 23. g3 Rg7 24. Nb4 h5 25. Qd2 h4 26. Rc3 Qf6 27. Rec1 Bd7 28. Nc6 Rf7 29.
Nb2 Bh6 30. Qe2 fxg3 31. fxg3 Bxc1 32. Rxc1 hxg3 33. hxg3 Qf3 34. Qxf3 Rxf3 35.
Nc4 Rxg3+ 36. Kh2 Rb3 37. Bxd6 Nxd6 38. Nxd6 Kg7 39. Nc4 Rh8+ 40. Kg2 Nf4+ 41.
Kf2 Rf3+ 42. Ke1 g3 43. Be2 Rh1+ 44. Kd2 Rh2 45. Re1 Rff2 46. N4xe5 Rxe2+ 47.
Rxe2 Rxe2+ 48. Kd1 g2 49. Nf3 Bg4 0-1

[Event "Mauricie op"]
[Site "Trois-Rivieres CAN"]
[Date "2014.03.15"]
[Round "2"]
[White "Lebeau, Gilbert"]
[Black "Cloutier, Mario"]
[Result "1/2-1/2"]
[WhiteElo "2020"]
[BlackElo "2049"]
[PlyCount "93"]
[EventDate "2014.03.14"]
[EventType "swiss"]
[EventRounds "5"]
[EventCountry "CAN"]

1. d4 Nf6 2. c4 g6 3. Nc3 d5 4. Nf3 Bg7 5. Qb3 dxc4 6. Qxc4 a6 7. a4 Be6 8. Qd3
Nc6 9. Qd1 Bf5 10. Bg5 Ne4 11. Nxe4 Bxe4 12. e3 Qd5 13. Bf4 Bxf3 14. gxf3 e5
15. dxe5 Qa5+ 16. Qd2 Nb4 17. Rc1 Rd8 18. Qc3 Qxa4 19. Bc4 O-O 20. O-O Nc6 21.
Ra1 Qb4 22. Qxb4 Nxb4 23. e6 fxe6 24. Bxe6+ Kh8 25. Bxc7 Rde8 26. Bh3 Rxf3 27.
Kg2 Rf7 28. Ba5 Nd3 29. Bc3 Nxb2 30. Bxb2 Bxb2 31. Ra2 Be5 32. Rb1 Rd8 33. Bg4
Kg7 34. f4 Bc3 35. Ra3 Bd2 36. Rb6 a5 37. Bf3 Bb4 38. Rb3 Rd2+ 39. Kg3 Rdd7 40.
h4 Be1+ 41. Kg4 Bb4 42. h5 Bc5 43. hxg6 hxg6 44. Rxb7 Rxb7 45. Rxb7 Bxe3 46.
Rxf7+ Kxf7 47. Bd1 1/2-1/2

[Event "Mauricie op"]
[Site "Trois-Rivieres CAN"]
[Date "2014.03.15"]
[Round "2"]
[White "Luksza, Arkadiusz"]
[Black "Dumouchel, Alain"]
[Result "1-0"]
[WhiteElo "2157"]
[BlackElo "1914"]
[PlyCount "73"]
[EventDate "2014.03.14"]
[EventType "swiss"]
[EventRounds "5"]
[EventCountry "CAN"]

1. d4 Nf6 2. c4 g6 3. Nc3 Bg7 4. e4 d6 5. Be2 O-O 6. h3 Na6 7. Nf3 e5 8. dxe5
dxe5 9. Qxd8 Rxd8 10. Bg5 h6 11. Be3 Nb4 12. Rc1 Nxe4 13. Nxe4 Nxa2 14. Ra1 Nb4
15. O-O f5 16. Nc3 e4 17. Nd2 g5 18. Rfd1 Be6 19. Nb3 Nd3 20. Bxd3 Rxd3 21.
Rxd3 exd3 22. Nd2 a5 23. f4 Bf6 24. Kf2 c6 25. c5 Kf7 26. Nf3 Kg6 27. Ke1 a4
28. Kd2 Bc4 29. Ne5+ Bxe5 30. fxe5 f4 31. Bf2 Kf5 32. g4+ fxg3 33. Bxg3 Ke6 34.
Ne4 Kd5 35. Nd6 Rf8 36. e6 Kxe6 37. Nxc4 1-0

[Event "Mauricie op"]
[Site "Trois-Rivieres CAN"]
[Date "2014.03.15"]
[Round "2"]
[White "Masse, Hugues"]
[Black "Boudreau, Daniel"]
[Result "1-0"]
[WhiteElo "2259"]
[BlackElo "2089"]
[PlyCount "61"]
[EventDate "2014.03.14"]
[EventType "swiss"]
[EventRounds "5"]
[EventCountry "CAN"]

1. d4 Nf6 2. c4 e6 3. g3 Bb4+ 4. Bd2 a5 5. Bg2 d5 6. Nf3 Ne4 7. O-O O-O 8. Qc2
Nc6 9. Be3 Be7 10. Nfd2 Nb4 11. Qc1 f5 12. Nxe4 fxe4 13. Nd2 Bg5 14. Bxg5 Qxg5
15. Qc3 c6 16. a3 Na6 17. Qxa5 Bd7 18. Nxe4 Qg6 19. Nd2 Rf5 20. Qc3 Raf8 21. e4
Rh5 22. e5 Be8 23. f4 Qh6 24. Nf3 Bg6 25. cxd5 cxd5 26. g4 Rh3 27. Bxh3 Qxh3
28. Ng5 Qxg4+ 29. Qg3 Qe2 30. Nxe6 Rf7 31. f5 1-0

[Event "Mauricie op"]
[Site "Trois-Rivieres CAN"]
[Date "2014.03.15"]
[Round "2"]
[White "Pichette, Mickaelin"]
[Black "Chabot, Roland"]
[Result "0-1"]
[WhiteElo "1780"]
[BlackElo "2195"]
[PlyCount "96"]
[EventDate "2014.03.14"]
[EventType "swiss"]
[EventRounds "5"]
[EventCountry "CAN"]

1. d4 Nf6 2. c4 g6 3. Nc3 Bg7 4. e4 d6 5. f4 O-O 6. Nf3 c5 7. d5 e6 8. Bd3 exd5
9. cxd5 b5 10. e5 dxe5 11. fxe5 Ng4 12. Bxb5 Nxe5 13. Bf4 Bg4 14. Bxe5 Bxe5 15.
O-O Qb6 16. Qa4 Bxf3 17. Rxf3 a6 18. Rb1 Ra7 19. Bc4 Nd7 20. Qc2 Bd4+ 21. Kh1
Ne5 22. Ne4 Nxf3 23. gxf3 Qd8 24. Rd1 Qb8 25. b3 Qf4 26. Qg2 Re8 27. b4 Qe3 28.
bxc5 f5 29. d6+ Kh8 30. Ng5 Qc3 31. Qd2 Qxd2 32. Rxd2 Bxc5 33. d7 Re1+ 34. Kg2
Rg1+ 35. Kh3 Rxd7 36. Rxd7 Rxg5 37. Bxa6 Rg1 38. a4 Ra1 39. Bb5 Be3 40. Kg3
Rg1+ 41. Kh3 Bf4 42. Rd8+ Kg7 43. Rc8 h5 44. Rc2 g5 45. Be8 g4+ 46. fxg4 hxg4+
47. Kh4 g3 48. hxg3 Rh1+ 0-1

[Event "Mauricie op"]
[Site "Trois-Rivieres CAN"]
[Date "2014.03.15"]
[Round "2"]
[White "Poulin, Mathieu"]
[Black "Luo, Zhao Yang"]
[Result "1-0"]
[WhiteElo "2055"]
[BlackElo "2043"]
[PlyCount "53"]
[EventDate "2014.03.14"]
[EventType "swiss"]
[EventRounds "5"]
[EventCountry "CAN"]

1. d4 d5 2. c4 e6 3. Nc3 Nf6 4. cxd5 exd5 5. Bg5 Be7 6. Qc2 c6 7. e3 Bg4 8. Bd3
Nbd7 9. f3 Be6 10. Nge2 Qa5 11. O-O h6 12. Bh4 O-O 13. e4 dxe4 14. fxe4 Qh5 15.
Bg3 Qg5 16. Nf4 Bg4 17. e5 h5 18. exf6 Bxf6 19. Nfe2 h4 20. Kh1 Qh5 21. h3 Be6
22. Ne4 Be7 23. Bd6 Bxd6 24. Nxd6 Qg5 25. Nf4 Bd5 26. Rae1 Nf6 27. Re5 1-0

[Event "Mauricie op"]
[Site "Trois-Rivieres CAN"]
[Date "2014.03.15"]
[Round "2"]
[White "Robichaud, Louis"]
[Black "Trottier, Emile"]
[Result "0-1"]
[WhiteElo "2110"]
[BlackElo "2010"]
[PlyCount "52"]
[EventDate "2014.03.14"]
[EventType "swiss"]
[EventRounds "5"]
[EventCountry "CAN"]

1. e4 e6 2. d3 d5 3. Nd2 c5 4. Ngf3 Nc6 5. g3 d4 6. Bg2 e5 7. O-O Bd6 8. c3
Nge7 9. cxd4 cxd4 10. Nc4 O-O 11. Nxd6 Qxd6 12. Nd2 Be6 13. f4 f6 14. Nf3 Rac8
15. Bd2 Nb4 16. Bxb4 Qxb4 17. Qe2 Nc6 18. Nh4 Qd6 19. a3 Na5 20. Nf5 Qd7 21.
Bh3 Nb3 22. Rae1 Kh8 23. Bg2 Rc7 24. fxe5 fxe5 25. Ne3 Rxf1+ 26. Rxf1 dxe3 0-1

[Event "Mauricie op"]
[Site "Trois-Rivieres CAN"]
[Date "2014.03.15"]
[Round "2"]
[White "Sambuev, Bator"]
[Black "Larochelle, Martial"]
[Result "1-0"]
[WhiteElo "2597"]
[BlackElo "2178"]
[PlyCount "73"]
[EventDate "2014.03.14"]
[EventType "swiss"]
[EventRounds "5"]
[EventCountry "CAN"]

1. d4 Nf6 2. c4 g6 3. Nc3 d5 4. cxd5 Nxd5 5. e4 Nxc3 6. bxc3 Bg7 7. Bc4 c5 8.
Ne2 O-O 9. O-O Nc6 10. Be3 Qc7 11. Rc1 b6 12. h4 Bb7 13. h5 Na5 14. Bd3 Rad8
15. Qe1 e5 16. hxg6 hxg6 17. f4 exf4 18. Nxf4 Qe7 19. e5 cxd4 20. cxd4 Bd5 21.
Qg3 Bxa2 22. Nxg6 fxg6 23. Qxg6 Qh4 24. e6 Bxe6 25. Qxe6+ Kh8 26. Rxf8+ Rxf8
27. Rf1 Rxf1+ 28. Bxf1 Qd8 29. d5 Nb7 30. Bd3 Nc5 31. Qh3+ Kg8 32. Bc4 Qd6 33.
Qc8+ Kf7 34. Qf5+ Bf6 35. Bf4 Qd8 36. d6+ Kg7 37. Qg4+ 1-0